| 000 | 00450ntaaa2200181 4500 | ||
|---|---|---|---|
| 003 | 01 | ||
| 005 | 20251027200716.0 | ||
| 008 | 0714s1973 ag 01 | ||
| 040 |
_aAR-BaBN _bspa _cAR-BaBN _eaacr _dRIC |
||
| 082 | _a781.2 M21 | ||
| 100 | _aMcKinney, James C. | ||
| 245 |
_aMastering music reading / _cJames C. McKinney |
||
| 250 | _a1 ed. | ||
| 260 |
_aNashville : _bConvention Press, _c1964 |
||
| 300 | _axiii,104 p | ||
| 650 | _aMusica | ||
| 942 | _cBK | ||
| 999 |
_c1574 _d1574 |
||